| 000 | 00482nam a22001577u 4500 | ||
|---|---|---|---|
| 008 | 130405s1998 xxu||||| |||| 00| 0 spa d | ||
| 020 | _a8489733694 | ||
| 041 | _aspa | ||
| 100 | 1 |
_aPrieto Ramiro, Rafael _929668 |
|
| 245 | 0 | 0 |
_aCáritas Adviento y Navidad 1998 _b:La A con la B, la B con la A: Abba _cRafael Prieto Ramiro |
| 260 |
_aMadrid: _bCáritas Española, _c1998 |
||
| 300 |
_a223 p. _c;21 cm. |
||
| 650 | 0 | 4 |
_aLiturgia _xNavidad y adviento _918909 |
| 942 | _cBK | ||
| 001 | 76795 | ||
| 999 |
_c255945 _d255945 |
||